Prof. G Ram Reddy Library

The Economics of Patents (Record no. 77014)

MARC details
000 -LEADER
fixed length control field 00561nam a2200193Ia 4500
003 - CONTROL NUMBER IDENTIFIER
control field LDD
008 - FIXED-LENGTH DATA ELEMENTS--GENERAL INFORMATION
fixed length control field 181029s9999 xx 000 0 und d
020 ## - INTERNATIONAL STANDARD BOOK NUMBER
International Standard Book Number 1 84542 316 X
Terms of availability P 250.00
040 ## - CATALOGING SOURCE
Transcribing agency LDD
100 ## - MAIN ENTRY--PERSONAL NAME
Personal name Cantwell, John
245 #4 - TITLE STATEMENT
Title The Economics of Patents
Remainder of title The Patent System and the Measurement of Invention
Statement of responsibility, etc. John Cantwell
260 ## - PUBLICATION, DISTRIBUTION, ETC.
Place of publication, distribution, etc. Cheltenham
Name of publisher, distributor, etc. An Elgar
Date of publication, distribution, etc. 2006
300 ## - PHYSICAL DESCRIPTION
Extent v2.
365 ## - TRADE PRICE
Price amount P 250.00
901 ## - LOCAL DATA ELEMENT A, LDA (RLIN)
a 3513
b 23-11-2006
902 ## - LOCAL DATA ELEMENT B, LDB (RLIN)
a 11479
b 27-12-2006
c F
d GBH
e 34
903 ## - LOCAL DATA ELEMENT C, LDC (RLIN)
a Discount-10
b Reqst by : Suneet
942 ## - ADDED ENTRY ELEMENTS (KOHA)
Source of classification or shelving scheme Dewey Decimal Classification
Koha item type Books
Holdings
Withdrawn status Lost status Source of classification or shelving scheme Materials specified (bound volume or other part) Damaged status Not for loan Home library Current library Total Checkouts Full call number Barcode Date last seen Cost, replacement price Price effective from Koha item type
No   Dewey Decimal Classification v.1     Library and Documentation Division Library and Documentation Division   338.064 Ec74 060342 11/01/2018 21942.50 11/01/2018 Books

© Prof. G Ram Reddy Centre Library, Indira Gandhi National Open University, Maidan Garhi, New Delhi, 110068
+91-011-29532797 | FAX+91-011-29533393 |